000 00672nam a2200289Ia 4500
005 20260324143124.0
008 008 260324s9999 xx 000 0 eng d
020 _a9781003575313
037 _aEBOOK
040 _aCRL
040 _beng
040 _cCRL
041 _2eng
041 _aeng
084 _qCRL
100 _aGina Buijs
_91214459
245 0 _aMigrant Women
245 0 _bCrossing Boundaries and Changing Identities
260 _bTaylor and Francis
260 _c1993
365 _a
365 _b160
856 _uhttp://www.taylorfrancis.com/books/9781003575313
942 _cEBOOK
999 _c1819498
_d1819498